000 00303nam a2200121Ia 4500
008 240731s9999 xx 000 0 und d
022 _a1949-0461
245 0 _aAdministrative Theory & Praxis
260 _bRoutledge
856 _uhttps://www.tandfonline.com/loi/madt20
942 _2ddc
942 _cTFEJ
999 _c75168
_d75168
945 _a1
_bMadushi Gamage
_c1
_dMadushi Gamage